000 00568nam a2200229Ia 4500
003 OSt
005 20220924145607.0
006 a|||||r|||| 00| 0
007 ta
008 220923b |||||||| |||| 00| 0 tel d
024 _a329479
037 _cTextual
040 _aARTS
_cARTS
_btel
041 _2tel
_atel
082 _aO15:1D40:3, 35L3.1-10
100 _aKalidas
245 0 _aRaghuvansam
260 _c1973
650 _aSANSKRIT LITERATURE
942 _hO15:1D40:3, 35L3.1-10
_cTEXL
_2CC
999 _c460588
_d460588